Sistemas de canalizacion para redes telefonicas
Gardado en:
| Autor Principal: | |
|---|---|
| Formato: | Tesis Libro |
| Idioma: | Undetermined |
| Publicado: |
1986
|
| Materias: | |
| Etiquetas: |
Engadir etiqueta
Sen Etiquetas, Sexa o primeiro en etiquetar este rexistro!
|
MARC
| LEADER | 00000nam a2200000Ia 4500 | ||
|---|---|---|---|
| 001 | 4075 | ||
| 008 | 140114s9999 xx 000 0 und d | ||
| 100 | |a Castillo Oreamuno, Orlando | ||
| 245 | |a Sistemas de canalizacion para redes telefonicas | ||
| 260 | |c 1986 | ||
| 500 | |a NULL | ||
| 502 | |a Escuela de ingenieria Civil | ||
| 650 | |z SISTEMAS DE CANALIZACION | ||
| 999 | |c 11730 |d 11730 | ||
